[Event "Temuco Universidad de La Frontera"]
[Site "Temuco"]
[Date "2017.07.21"]
[Round "8"]
[White "Cifuentes Gallegos, Miguel Esteban"]
[Black "Perez Gonzalez, Felipe Ignacio"]
[Result "0-1"]
[WhiteElo "1321"]
[BlackElo "1804"]
[PlyCount "72"]
[EventDate "2017.07.19"]
[EventType "tourn"]
[EventRounds "9"]
[EventCountry "CHI"]
[SourceTitle "EXT 2018"]
[Source "ChessBase"]
[SourceDate "2017.10.13"]
[SourceVersion "1"]
[SourceVersionDate "2017.10.13"]
[SourceQuality "1"]

1. e4 c5 2. Nc3 a6 3. f4 d6 4. a3 e5 5. Nf3 Nc6 6. d3 Nf6 7. Be2 Be7 8. 0-0 0-0 9. Ng5 Nd4 10. Kh1 b5 11. Nb1 Qc7 12. c3 Nc6 13. Rf3 d5 14. f5 h6 15. Nh3 dxe4 16. dxe4 Nxe4 17. Bd3 Nf6 18. Qe1 Bd6 19. Qh4 e4 20. Bxe4 Nh7 21. Bxh6 gxh6 22. Qxh6 f6 23. Nd2 Bxh2 24. Bd5+ Kh8 25. Bxc6 Qxc6 26. Kxh2 Rg8 27. Raf1 Bxf5 28. R1f2 Rg6 29. Qh4 Rag8 30. Qf4 Be6 31. Qe3 Rg4 32. Nf4 Bc8 33. Ne4 Bb7 34. Nxf6 Qxf6 35. Ng6+ Qxg6 36. Qe5+ Qg7 0-1

[Event "Temuco Universidad de La Frontera"]
[Site "Temuco"]
[Date "2017.07.21"]
[Round "7"]
[White "Cifuentes Gallegos, Miguel Esteban"]
[Black "Valdebenito Sepulveda, Victor Ale"]
[Result "1-0"]
[WhiteElo "1321"]
[BlackElo "1401"]
[PlyCount "57"]
[EventDate "2017.07.19"]
[EventType "tourn"]
[EventRounds "9"]
[EventCountry "CHI"]
[SourceTitle "EXT 2018"]
[Source "ChessBase"]
[SourceDate "2017.10.13"]
[SourceVersion "1"]
[SourceVersionDate "2017.10.13"]
[SourceQuality "1"]

1. e4 c5 2. Nc3 Nc6 3. f4 d6 4. Nf3 g6 5. Bc4 Bg7 6. 0-0 e6 7. d3 Nge7 8. a3 a6 9. Qe1 b5 10. Ba2 Nd4 11. Qf2 Nec6 12. Be3 0-0 13. Ng5 h6 14. Nf3 Nxf3+ 15. gxf3 Nd4 16. Kh1 f5 17. Rg1 Kh7 18. Rg2 e5 19. Qg3 Qe8 20. Nd5 Ra7 21. Rag1 fxe4 22. fxe4 exf4 23. Nxf4 Rxf4 24. Bxf4 Ne6 25. Bxe6 Qxe6 26. Qxg6+ Qxg6 27. Rxg6 d5 28. Rc6 Bb7 29. Rc7 1-0